Power plant engineering / (Record no. 69321)

MARC details
000 -LEADER
fixed length control field 00909nam a22002417a 4500
005 - DATE AND TIME OF LATEST TRANSACTION
control field 2012082709009.0
008 - FIXED-LENGTH DATA ELEMENTS--GENERAL INFORMATION
fixed length control field 120827t xxu||||| |||| 00| 0 eng d
010 ## - LCCN (DPL NO)
LC control number ENG-105641
020 ## - INTERNATIONAL STANDARD BOOK NUMBER
International Standard Book Number 9788120346123
Terms of availability 325.00
035 ## - SYSTEM CONTROL NUMBER
System control number EN-89174
037 ## - SOURCE OF ACQUISITION
Source of stock number/acquisition DBAD/PUB
040 ## - CATALOGING SOURCE
Original cataloging agency DPL
Language of cataloging Eng
082 ## - DEWEY DECIMAL CLASSIFICATION NUMBER
Classification number 621.3121
100 1# - MAIN ENTRY--PERSONAL NAME
Personal name Gupta, Manoj Kumar
9 (RLIN) 51509
245 10 - TITLE STATEMENT
Title Power plant engineering /
Statement of responsibility, etc by Manoj Kumar Gupta
260 ## - PUBLICATION, DISTRIBUTION, ETC. (IMPRINT)
Place of publication, distribution, etc New Delhi
Name of publisher, distributor, etc PHI Learning
Date of publication, distribution, etc c2012
270 ## - ADDRESS
Address M-97, Connaught Circus
City New Delhi
Postal code 110001
300 ## - PHYSICAL DESCRIPTION
Extent xiv,341p. :
Other physical details ill.
Dimensions 24cm(pbk)
500 ## - GENERAL NOTE
General note Includes bibliographical references and index.
942 ## - ADDED ENTRY ELEMENTS (KOHA)
Source of classification or shelving scheme Dewey Decimal Classification
Item type English Books
Classification part 621.3121
Call number suffix GUP
Holdings
Withdrawn status Lost status Source of classification or shelving scheme Damaged status Not for loan Collection code Home library Current library Date acquired Source of acquisition Cost, normal purchase price Total Checkouts Full call number Barcode Date last seen Copy number Cost, replacement price Koha item type
    Dewey Decimal Classification   Not For Loan Non-fiction D.B.Act.Division D.B.Act.Division 27/08/2012 DBAD/PUB 325.00   621.3121 GUP EN-89174 27/08/2012 1 325.00 English Books

© Delhi Public Library
Hit Counter
free hit counter